Movies Quiz

Random Movies Quiz

Most Expensive Movies Quiz Stats

 Plays Quiz Updated Jan 5, 2018

Score 0/31 Timer 06:00
0 Plays Today
% Correct
Avatar (2009) $237,000,000
96.2%
Spider-Man 3 (2007) $258,000,000
91.3%
The Avengers (2012) $220,000,000
88.5%
Men in Black 3 (2012) $215,000,000
86.8%
Batman vs. Superman: Dawn of Justice (2016) $250,000,000
86.6%
King Kong (2005) $207,000,000
84.3%
Justice League (2017) $300,000,000
83%
The Dark Knight Rises (2012) $230,000,000
78.7%
The Lone Ranger (2013) $225,000,000
77%
Pirates of the Caribbean: At World's End (2007) $300,000,000
76.8%
Pirates of the Caribbean: Dead Man's Chest (2006) $225,000,000
75.9%
Captain America: Civil War (2016) $250,000,000
75.9%
Man of Steel (2013) $225,000,000
75.9%
Harry Potter and the Half-Blood Prince (2009) $250,000,000
75.8%
Star Wars: The Force Awakens (2015) $245,000,000
72.6%
Pirates of the Caribbean: On Stranger Tides (2011) $378,500,000
72.3%
% Correct
Tangled (2010) $260,000,000
71%
Avengers: Age of Ultron (2015) $279,900,000
67.8%
X-Men: The Last Stand (2006) $210,000,000
67.8%
The Hobbit: The Desolation of Smaug (2013) $225,000,000
67.7%
Battleship (2012) $209,000,000
67.6%
Transformers: Age of Extinction (2014) $210,000,000
64.3%
The Chronicles of Narnia: Prince Caspian (2008) $225,000,000
58.5%
Pirates of the Caribbean: Dead Men Tell No Tales (2017) $230,000,000
57.8%
The Hobbit: The Battle of the Five Armies (2014) $250,000,000
57.3%
Spectre (2015) $245,000,000
55.6%
Oz the Great and Powerful (2013) $215,000,000
51.4%
Transformers: The Last Knight (2017) $217,000,000
51.1%
Superman Returns (2006) $204,000,000
49.7%
John Carter (2012) $263,700,000
48.3%
The Fate of the Furious (2017) $250,000,000
29.1%

You're not logged in!

Compare scores with friends on all Sporcle quizzes.
Join for Free
OR
Log In

You Might Also Like...

Show Comments

Extras

Top Quizzes Today


Score Distribution

Your Account Isn't Verified!

In order to create a playlist on Sporcle, you need to verify the email address you used during registration. Go to your Sporcle Settings to finish the process.

Report this User

Report this user for behavior that violates our Community Guidelines.

Details: